000 00405nam a2200181Ia 4500
001 15811
005 20260306170223.0
008 260306t2013||||xx |||||||||||||| ||und||
041 _aESP
082 _a620.11
_bB33 2013
100 _aBeer, Ferdinand P.
_eAUT
245 0 _aMecánica de materiales
260 _c2013
300 _a
_c
650 _aGEN
654 _aCIC
942 _cLIB
_dJUS
_fJUS
_2ddc
_n
999 _c15811
_d15811